[Event "TCh-ESP CECLUB Div Honor 2011"]
[Site "Melilla ESP"]
[Date "2011.11.24"]
[Round "5"]
[White "Shirov,A"]
[Black "Kuzubov,Y"]
[Result "1-0"]
[WhiteElo "2705"]
[BlackElo "2621"]

1.e4 e6 2.d4 d5 3.Nd2 Nc6 4.Ngf3 Nf6 5.e5 Nd7 6.c3 Be7 7.Bd3 f6 8.exf6 Bxf6
9.O-O O-O 10.Qc2 h6 11.Re1 Re8 12.b4 a6 13.Bb2 Nf8 14.Qb3 Qe7 15.Nf1 Qf7
16.Ne3 Ng6 17.Ng4 Nf4 18.Bf1 Be7 19.Nfe5 Nxe5 20.Nxe5 Qf5 21.Re3 Rf8 22.Rae1 Bd6
23.f3 Bxe5 24.Rxe5 Qg6 25.g3 Nd3 26.Bxd3 Qxd3 27.R5e3 Qf5 28.c4 Bd7 29.c5 Qh3
30.Bc3 Rf5 31.Qc2 Raf8 32.Qg2 Qxg2+ 33.Kxg2 g5 34.h3 Kf7 35.Bd2 Rf6 36.Rc3 Rg8
37.g4 Bb5 38.Re5 Bc4 39.a3 b6 40.cxb6 cxb6 41.Kg3 a5 42.bxa5 bxa5 43.f4 gxf4+
44.Bxf4 a4 45.Rh5 Rgg6 46.Rf3 Kg8 47.Be5 Rxf3+ 48.Kxf3 Bb5 49.Kf4 Be8 50.Rh4 Kh7
51.Bd6 Rf6+ 52.Ke5 Kg7 53.Bb4 Bb5 54.Bd2 Bf1 55.Bf4 Bg2 56.Rh5 Bf1 57.Bc1 Rf3
58.h4 Rf6 59.g5 hxg5 60.hxg5 Rf3 61.Kxe6 Rc3 62.Bf4 Rf3 63.Rh4 Bc4 64.Bd6 Kg6
65.Be7 Re3+ 66.Kd7 Bb5+ 67.Kd8 Re4 68.Rh6+ Kf7 69.Bf6 Re3 70.Be5 Bd3 71.Rf6+ Kg8
72.Ke7 Be4 73.Rh6  1-0

[Event "TCh-ESP CECLUB Div Honor 2011"]
[Site "Melilla ESP"]
[Date "2011.11.26"]
[Round "7"]
[White "Naiditsch,A"]
[Black "Kuzubov,Y"]
[Result "1/2-1/2"]
[WhiteElo "2712"]
[BlackElo "2621"]

1.e4 e6 2.d4 d5 3.Nd2 a6 4.Ngf3 Nf6 5.Bd3 c5 6.exd5 exd5 7.Qe2+ Qe7 8.Qxe7+ Bxe7
9.dxc5 Bxc5 10.Nb3 Bb6 11.O-O O-O 12.Nbd4 Nc6 13.Be3 Nb4 14.Be2 Ng4 15.Bd2 Nc6
16.Nxc6 bxc6 17.c4 Re8 18.Rae1 Be6 19.Bc3 dxc4 20.Ng5 Bf5 21.h3 Nf6 22.Bxc4 Nd5
23.Bd2 a5 24.Rxe8+ Rxe8 25.Rc1 Bd4 26.b3 Bb2 27.Bxd5 Bxc1 28.Bxf7+ Kf8 29.Bxe8 Bxd2
30.Nf3 Bc3 31.Bxc6 Ke7 32.Ng5 Bb1 33.Be4 h6 34.Bxb1 hxg5 35.Kf1 Bb4 36.Ke2 Bc5
37.f3 Kd6 38.Be4 Ke5 39.Kd3 Kf4 40.Kc4 Bb4 41.g4 Ke5 42.Bb7 Kd6 43.Kd4 Ke6
44.Bc8+ Kf6 45.Kd5 Ba3 46.Bf5 Bb4 47.Be4 Ba3 48.Kc4 Ke5 49.Kb5 Bb4 50.a3 Bxa3
51.Kxa5 Bc1 52.Kb5 Bd2 53.Kc5 Be3+ 54.Kc4 Bd2 55.Ba8 Be1 56.Bb7 Bf2 57.b4 Be3
58.Be4 Kd6 59.Kd3 Bf2 60.Ke2 Bb6 61.f4 gxf4 62.g5 Ke5 63.Kf3 Bc7 64.b5 Bd8
65.h4 Ba5 66.Bc6 Bb6 67.Bd7 Kd6 68.Bf5 Ke5 69.Bd3 Ba5 70.Kg4 Bb6 71.Be2 Bc5
72.Bd1 Bb6 73.h5 Bc7 74.Bf3 Ba5 75.Be2 Bc7 76.Bd1 Ba5 77.Bc2 Bc7 78.Bd3 Ba5
79.Kf3 Bd8 80.Kg4 Ba5 81.Bg6 Bd8 82.Bf7 f3 83.Bc4 f2 84.g6 Kf6 85.Kf4 Bc7+
86.Ke4 Kg5 87.Be2 Ba5 88.Ke5 f1=Q 89.Bxf1 Kxh5 90.Kf5 Kh6 91.Bd3 Bb6 92.Bc2 Bf2
93.Bd3  1/2-1/2

[Event "TCh-NED Meesterklasse 2011-12"]
[Site "Netherlands NED"]
[Date "2011.11.26"]
[Round "3.5"]
[White "De Groote,E"]
[Black "Heemskerk,W"]
[Result "0-1"]
[WhiteElo "2297"]
[BlackElo "2280"]

1.e4 e6 2.d4 d5 3.Nd2 Be7 4.Ngf3 Nf6 5.Bd3 c5 6.e5 Nfd7 7.c3 b6 8.O-O Ba6
9.Bxa6 Nxa6 10.c4 Nc7 11.Qe2 O-O 12.b3 f6 13.Bb2 fxe5 14.dxe5 Qe8 15.Ne1 Qg6
16.Nd3 Nb8 17.f4 Nc6 18.Rf3 Rad8 19.cxd5 Nxd5 20.Qe4 Qxe4 21.Nxe4 Ndb4 22.Nef2 Nc2
23.Rc1 N2d4 24.Re3 Rd7 25.g3 Rfd8 26.Bxd4 Nxd4 27.Nb2 g5 28.Ne4 Nf5 29.Re2 gxf4
30.gxf4 Rd4 31.Kg2 Rxe4 32.Rxe4 Rd2+ 33.Kf1 Rxb2 34.Re2 Rxe2 35.Kxe2 Kf7
36.Rg1 b5 37.Kd3 Bh4 38.Rg2 Bd8 39.Rc2 Bb6 40.a4 Nd4 41.Rb2 a6 42.axb5 axb5
43.Ke4 Ba5 44.Rb1 Bc3 45.Kd3 Bb4 46.Ke4 Bd2 47.Kd3 Nxb3  0-1

[Event "Vizag GM Open"]
[Site "Visakhapatnam IND"]
[Date "2011.11.26"]
[Round "4"]
[White "Venkatesh,M"]
[Black "Praveen Kumar,C1"]
[Result "1-0"]
[WhiteElo "2499"]
[BlackElo "2338"]

1.e4 e6 2.d4 d5 3.Nd2 Be7 4.Ngf3 Nf6 5.e5 Nfd7 6.Bd3 c5 7.c3 b6 8.Qe2 a5
9.a4 Ba6 10.Bb5 Qc8 11.O-O Nc6 12.Rd1 cxd4 13.cxd4 Bxb5 14.axb5 Nb4 15.Ra3 Qb7
16.Ne1 Nf8 17.Nb1 h5 18.Rh3 h4 19.Nc3 Ng6 20.f4 Qd7 21.Na4 Rb8 22.Bd2 f5
23.g4 O-O 24.Ng2 Qe8 25.Rc1 fxg4 26.Qxg4 Rf5 27.Rf3 Qf7 28.Rc7 Rf8 29.Nxb6 Rg5
30.fxg5 Qxf3 31.Qxf3 Rxf3 32.Nc8 Bf8 33.Bxb4 Bxb4 34.b6 h3 35.b7 hxg2 36.b8=Q Nh4
37.Ne7+  1-0

[Event "TCh-HUN 2011-12"]
[Site "Budapest HUN"]
[Date "2011.11.27"]
[Round "4"]
[White "Medvegy,N"]
[Black "Sebestyen,Bala"]
[Result "1/2-1/2"]
[WhiteElo "2333"]
[BlackElo "2293"]

1.e4 e6 2.d4 d5 3.Nd2 Nc6 4.Ngf3 Nf6 5.e5 Nd7 6.c3 f6 7.Bb5 a6 8.Bxc6 bxc6
9.O-O fxe5 10.dxe5 c5 11.Qa4 Rb8 12.Nb3 Rb6 13.Be3 Rb5 14.Qg4 Qe7 15.Rfe1 g6
16.Bf4 Bg7 17.Ng5 Rb6 18.Nxh7 Rxh7 19.Qxg6+ Qf7 20.Qxh7 Nf8 21.Qc2 Qxf4 22.g3 Qf5
23.Qe2 Rb8 24.f4 Bb7 25.Rab1 Nd7 26.Rf1 Nb6 27.g4 Qh7 28.Nd2 a5 29.Rfe1 Ba8
30.c4  1/2-1/2

[Event "Frauenbundesliga 2011-12"]
[Site "Germany GER"]
[Date "2011.11.27"]
[Round "4.3"]
[White "Pourkashiyan, Atousa"]
[Black "Rudolf, Anna"]
[Result "0-1"]
[WhiteElo "2326"]
[BlackElo "2359"]

1.e4 e6 2.d4 d5 3.Nd2 Be7 4.Bd3 c5 5.dxc5 Nf6 6.Qe2 O-O 7.Ngf3 a5 8.O-O Na6
9.e5 Nd7 10.c4 Ndxc5 11.Bb1 Nb4 12.Rd1 Qc7 13.Nd4 Bd7 14.N2f3 dxc4 15.Qxc4 Rad8
16.Bg5 Bc6 17.Rc1 Bd5 18.Qc3 Bxg5 19.Nxg5 Qxe5 20.Bxh7+ Kh8 21.Nxf7+ Rxf7
22.Bg6 Rf4 23.Qh3+ Kg8 24.Rxc5 Rxd4 25.Rac1 Nc6 26.Qh7+ Kf8 27.h3 b6 28.R5c3 Be4
29.Qh8+ Ke7 30.Qh4+ Kd7 31.Bxe4 Rxe4 32.Rd1+ Nd4 33.f4 Qxf4 34.Qh7 Qe5 35.Qg6 Re1+
36.Rxe1 Qxe1+ 37.Kh2 Qe5+ 38.Kh1 Rf8 39.Qd3 Qe1+ 40.Kh2 Qe5+ 41.Kh1 Rc8 42.Qd2 Rc5
43.Rd3 Rd5 44.Qf2 Ke7 45.Qh4+ Qf6 46.Qg3 e5 47.Rd1 Ne2 48.Qa3+ Ke8 49.Qb3 Rxd1+
50.Qxd1 Qf2 51.a3 Qe3 52.b4 Qc1 53.Qxc1 Nxc1 54.bxa5 bxa5 55.Kg1 Nd3 56.Kf1 Nb2
57.Ke2 Nc4 58.a4 Nb2 59.Ke3 Ke7  0-1

[Event "Caissa IM November 2011"]
[Site "Kecskemet HUN"]
[Date "2011.11.27"]
[Round "9.1"]
[White "Kristinsson,Bj"]
[Black "Varga,Kl"]
[Result "0-1"]
[WhiteElo "2045"]
[BlackElo "2127"]

1.e4 e6 2.d4 d5 3.Nd2 Nc6 4.Ngf3 Nf6 5.e5 Nd7 6.Bd3 f6 7.exf6 Qxf6 8.Nf1 e5
9.Bg5 Qf7 10.dxe5 Ndxe5 11.Nxe5 Nxe5 12.Qe2 Bd6 13.f4 Bg4 14.Qe3 O-O 15.fxe5 Rae8
16.h3 Bh5 17.g4 Rxe5 18.gxh5 Qf3 19.Rg1 Rfe8 20.Kd2 Rxe3 21.Bxe3 Bf4 22.Bxf4 Qxf4+
23.Kc3 Qf6+  0-1

[Event "TCh-HUN 2011-12"]
[Site "Szombathely HUN"]
[Date "2011.11.27"]
[Round "4"]
[White "Nestorovic,N"]
[Black "Rapport,R"]
[Result "1/2-1/2"]
[WhiteElo "2464"]
[BlackElo "2547"]

1.e4 e6 2.d4 d5 3.Nd2 Nc6 4.Ngf3 Nf6 5.Bd3 Nb4 6.e5 Nxd3+ 7.cxd3 Nd7 8.O-O b6
9.Re1 Be7 10.Nf1 a5 11.Ng3 h5 12.h3 Ba6 13.Be3 c5 14.Ne2 c4 15.dxc4 Bxc4
16.Qd2 Rc8 17.Bg5 Bxe2 18.Rxe2 Nb8  1/2-1/2

[Event "CCSCSL Invitational"]
[Site "Saint Louis USA"]
[Date "2011.11.29"]
[Round "1.4"]
[White "Shahade,G"]
[Black "Abrahamyan,T"]
[Result "1-0"]
[WhiteElo "2459"]
[BlackElo "2264"]

1.e4 e6 2.d4 d5 3.Nd2 Be7 4.Ngf3 Nf6 5.e5 Nfd7 6.c3 c5 7.Bd3 Nc6 8.O-O g5
9.Qe2 g4 10.Ne1 h5 11.Qe3 Qb6 12.Nc2 cxd4 13.cxd4 Rg8 14.Kh1 Nf8 15.f4 Ng6
16.a3 a5 17.Nb1 Nh4 18.Nc3 Qd8 19.Bd2 a4 20.Be1 Nf5 21.Bxf5 exf5 22.Qd3 Be6
23.Ne3 Qd7 24.Qd1 Nd8 25.Na2 Nc6 26.Nc3 Nd8 27.b3 axb3 28.Qxb3 Nc6 29.Rb1 Nxd4
30.Qxb7 Qxb7 31.Rxb7 Rd8 32.Rxe7+ Kxe7 33.Bh4+ Kd7 34.Bxd8 Rxd8 35.Rd1 Nc6
36.Ncxd5 Kc8 37.Nb6+ Kb7 38.Rxd8 Nxd8 39.Nbc4 Kc6 40.Nd6 f6 41.Ndxf5 fxe5
42.fxe5 Kd7 43.Kg1 Nc6 44.Ng7 Nxe5 45.Nxh5 Kc6 46.Kf2 Kc5 47.Ng7 Bc8 48.Ngf5 Bb7
49.Kg3  1-0

[Event "TCh-AUT 2 Mitte 2011-12"]
[Site "Steyregg AUT"]
[Date "2011.12.02"]
[Round "4"]
[White "Kranzl,P"]
[Black "Schwabeneder,Florian"]
[Result "1/2-1/2"]
[WhiteElo "2253"]
[BlackElo "2252"]

1.e4 e6 2.d4 d5 3.Nd2 a6 4.Ngf3 Nf6 5.Bd3 c5 6.dxc5 Bxc5 7.O-O Nc6 8.c3 O-O
9.exd5 exd5 10.h3 Re8 11.Nb3 Ba7 12.Re1 h6 13.Rxe8+ Qxe8 14.Nbd4 Nxd4 15.Nxd4 Bd7
16.Be3 Qe7 17.Qf3 Re8 18.Rd1 Bb8 19.Bf4 Ba7 20.Be3 Bb8 21.Bf4 Ba7 22.Be3 Bb8  1/2-1/2

[Event "London Classic FIDE Open"]
[Site "London ENG"]
[Date "2011.12.03"]
[Round "1"]
[White "Jones,Chris S"]
[Black "Jetzl,J"]
[Result "0-1"]
[WhiteElo "1868"]
[BlackElo "2196"]

1.e4 e6 2.d4 d5 3.Nd2 Be7 4.Ngf3 Nf6 5.e5 Nfd7 6.Be2 c5 7.c3 b6 8.O-O Ba6
9.Bxa6 Nxa6 10.Qa4 Nc7 11.dxc5 bxc5 12.Nb3 O-O 13.Qg4 a5 14.Bh6 Ne8 15.Bf4 Qb6
16.Rab1 Qb5 17.Bg3 a4 18.Nbd2 Nb6 19.Rfe1 Qd3 20.Bh4 Bxh4 21.Qxh4 Nc7 22.Red1 Na6
23.Nf1 Qc4 24.Qxc4 Nxc4 25.N1d2 Nxd2 26.Rxd2 Rfb8 27.Kf1 Rb6 28.Ke2 Rab8
29.a3 Rb3 30.Rc2 Rxa3 31.Nd2 Ra2 32.Kd3 a3  0-1

[Event "8th Vasylyshyn Mem IM"]
[Site "Lviv UKR"]
[Date "2011.12.03"]
[Round "5"]
[White "Yildiz,B"]
[Black "Shtembuliak,E"]
[Result "1-0"]
[WhiteElo "2297"]
[BlackElo "2119"]

1.e4 e6 2.d4 d5 3.Nd2 a6 4.Bd3 c5 5.dxc5 Bxc5 6.Ngf3 Nc6 7.O-O Nge7 8.exd5 exd5
9.Nb3 Bb6 10.Bf4 O-O 11.c3 Bf5 12.Bxf5 Nxf5 13.Qd3 Qd7 14.Rad1 Rad8 15.Rfe1 Nfe7
16.Be3 Bc7 17.Bc5 Rfe8 18.c4 Qc8 19.Ng5 g6 20.Bxe7 Rxe7 21.cxd5 Red7 22.Qh3 h5
23.Nc5 Rxd5 24.Rxd5 Bxh2+ 25.Kh1 Qxh3 26.Rxd8+ Nxd8 27.Nxh3  1-0

[Event "FSGM December 2011"]
[Site "Budapest HUN"]
[Date "2011.12.04"]
[Round "2"]
[White "Kislik,E"]
[Black "Szablowski,P"]
[Result "0-1"]
[WhiteElo "2371"]
[BlackElo "2433"]

1.e4 e6 2.d4 d5 3.Nd2 Be7 4.Ngf3 Nf6 5.Bd3 c5 6.dxc5 a5 7.exd5 exd5 8.O-O O-O
9.a4 Na6 10.Bxa6 Rxa6 11.Nb3 Ne4 12.Be3 Bg4 13.Qd3 Bxf3 14.gxf3 Qd7 15.Kh1 Qh3
16.Qe2 Ng5 17.Bxg5 Bxg5 18.f4 Bxf4 19.f3 Re6 20.Qg2 Qh4 21.Nxa5 Rfe8 22.Qf2 Qh3
23.Qg2 Qh4 24.Qf2 Qh6 25.Qg2 g5 26.Nxb7 Re2 27.Rf2 Re1+ 28.Rf1 R8e2 29.Rfxe1 Rxg2
30.Kxg2 Qxh2+ 31.Kf1 Bg3  0-1

[Event "London Classic FIDE Open"]
[Site "London ENG"]
[Date "2011.12.04"]
[Round "2"]
[White "Rudd,J"]
[Black "Seymour,T"]
[Result "0-1"]
[WhiteElo "2290"]
[BlackElo "2033"]

1.e4 e6 2.d4 d5 3.Nd2 Be7 4.Bd3 c5 5.dxc5 Nf6 6.Qe2 O-O 7.Ngf3 a5 8.h4 h6
9.c3 Na6 10.e5 Nd7 11.Nb3 Naxc5 12.Bc2 b6 13.Bf4 f5 14.Nbd4 Nb8 15.Qe3 Kf7
16.O-O-O a4 17.Nb5 Ne4 18.Nfd4 a3 19.b4 Bxh4 20.Bxe4 fxe4 21.Nd6+ Kg8 22.g3 Bg5
23.Bxg5 Qxg5 24.Qxg5 hxg5 25.Rh2 Rd8 26.Rdh1 Rxd6 27.Rh8+ Kf7 28.Rxc8 Rd7
29.Rhh8 Rb7 30.Rcf8+ Kg6 31.g4 b5 32.Rh5 Ra6 33.f4 gxf4 34.Ne2 Rf7 35.Nxf4+ Rxf4
36.Rxf4 Nd7 37.Kc2 Rc6 38.Kb3 Nb6 39.Rf8 e3 40.Rh2 Na4 41.Kc2 Rxc3+ 42.Kb1 d4  0-1

[Event "London Classic FIDE Open"]
[Site "London ENG"]
[Date "2011.12.04"]
[Round "2"]
[White "Aryan,C"]
[Black "Milnes,A"]
[Result "1-0"]
[WhiteElo "1836"]
[BlackElo "2055"]

1.e4 e6 2.d4 d5 3.Nd2 Nc6 4.Ngf3 Nf6 5.e5 Nd7 6.c3 f6 7.exf6 Qxf6 8.Be2 Bd6
9.Nf1 O-O 10.Ng3 Nb6 11.Bg5 Qf7 12.O-O e5 13.dxe5 Nxe5 14.Nxe5 Bxe5 15.Bf3 c6
16.Re1 Bd6 17.b3 Nd7 18.Qd4 Nc5 19.Qh4 Nd3 20.Re3 Ne5 21.Rae1 Qc7 22.Qd4 Nxf3+
23.gxf3 Bf5 24.Re7 Bxe7 25.Rxe7 Qxe7 26.Bxe7 Rf7 27.Nxf5 Rxf5 28.Kg2 Re8
29.Bh4 b6 30.Qa4 Re6 31.Qxa7 c5 32.Qd7 Rg6+ 33.Bg3 Rh5 34.Qe8+  1-0

[Event "London Classic Women's Invitational"]
[Site "London ENG"]
[Date "2011.12.05"]
[Round "3"]
[White "Ciuksyte,D"]
[Black "Vovk,Ok"]
[Result "1-0"]
[WhiteElo "2327"]
[BlackElo "2213"]

1.e4 e6 2.d4 d5 3.Nd2 Nc6 4.Ngf3 Nf6 5.e5 Nd7 6.Nb3 a5 7.a4 b6 8.Bb5 Ncb8
9.O-O Ba6 10.Ng5 h6 11.Nxe6 fxe6 12.Qh5+ Ke7 13.Bg5+ hxg5 14.Qxh8 Qe8 15.f4 Qg6
16.fxg5 c6 17.Bxa6 Nxa6 18.Rf2 Re8 19.Raf1 Qxg5 20.h3 Nc7 21.Rf7+ Kd8 22.Rxf8 Nxf8
23.Rxf8 Ke7 24.Rxe8+ Nxe8 25.Qh7 Qe3+ 26.Kh1 Qe1+ 27.Kh2 Qb1 28.Qh4+ Kd7
29.Qf2 Ke7 30.c3 Qa2 31.Nc1 Qxa4 32.Nd3 Qd1 33.Nf4 Qb1 34.h4 Qf5 35.h5 Kd7
36.g3 Qg4 37.Qc2 Qf5 38.Qxf5 exf5 39.Kh3 Nc7 40.Kh4 c5 41.Kg5 cxd4 42.cxd4 Ke7
43.Kxf5 b5 44.Kg6 Kf8 45.g4 a4 46.g5 b4 47.h6 gxh6 48.gxh6 Kg8 49.h7+ Kh8
50.Kh6  1-0

[Event "FSIM December 2011"]
[Site "Budapest HUN"]
[Date "2011.12.06"]
[Round "4"]
[White "Farago,S"]
[Black "Galyas,M"]
[Result "0-1"]
[WhiteElo "2317"]
[BlackElo "2468"]

1.e4 e6 2.d4 d5 3.Nd2 Be7 4.Ngf3 Nf6 5.Bd3 c5 6.exd5 Qxd5 7.dxc5 Nbd7 8.Qe2 Nxc5
9.Bc4 Qh5 10.Ne5 Qxe2+ 11.Bxe2 O-O 12.Ndf3 b6 13.c4 Bb7 14.Be3 Nfd7 15.Nxd7 Nxd7
16.O-O-O Nf6 17.Kb1 Rac8 18.h3 Be4+ 19.Ka1 h6 20.Rhg1 Rfd8 21.Nd2 Bh7 22.Nb3 Nd7
23.f4 Bc2 24.Rc1 Bxb3 25.axb3 Bc5 26.Rc3 a5 27.g4 Bxe3 28.Rxe3 Nc5 29.g5 hxg5
30.fxg5 Rd4 31.Ka2 Rcd8 32.Ka3 Rd2 33.Ka2 R8d4 34.Rh1 Re4 35.Rxe4 Nxe4 36.Bf3 Nxg5
37.Bc6 f5 38.h4 Nh7 39.Rc1 Kf7 40.Ka3 Nf6  0-1

[Event "London Classic FIDE Open"]
[Site "London ENG"]
[Date "2011.12.06"]
[Round "4"]
[White "Ferguson,M"]
[Black "Player,E"]
[Result "1-0"]
[WhiteElo "2374"]
[BlackElo "2199"]

1.e4 e6 2.d4 d5 3.Nd2 Be7 4.Bd3 Nf6 5.e5 Nfd7 6.c3 b6 7.Nh3 Ba6 8.Bxa6 Nxa6
9.Qg4 g6 10.Nf3 h6 11.Nf4 Nf8 12.h4 Qd7 13.h5 g5 14.Ne2 Qb5 15.Nh2 f6 16.exf6 Bxf6
17.O-O O-O-O 18.b3 Qd7 19.Qf3 Bg7 20.Qd3 Nb8 21.Ng4 e5 22.Nxe5 Bxe5 23.dxe5 Nc6
24.f4 gxf4 25.Bxf4 Ne6 26.Rae1 Rdf8 27.Bh2 Nc5 28.Rxf8+ Rxf8 29.Qg6 Qf5 30.Nf4 Nxe5
31.Qxf5+ Rxf5 32.Nxd5 Nf3+ 33.gxf3 Rxd5 34.Re8+ Kd7 35.Rh8 Rg5+ 36.Kf1 Rxh5
37.Rh7+ Kc8 38.Bxc7 Rh1+ 39.Kg2 Ra1 40.b4 Rxa2+ 41.Kg3 Nd7 42.Bd6 a5 43.Rxh6 Rc2
44.Rh8+ Kb7 45.Rd8 Kc6 46.Bf4 b5 47.bxa5 Ra2 48.Rc8+ Kd5 49.Bc7 Nc5 50.Bb6 Nb3
51.f4 Ra1 52.Kg4 Nxa5 53.Rc5+ Kd6 54.Rxb5 Nc4 55.Bd4 Ra8 56.f5 Rg8+ 57.Kf4 Na3
58.Ra5 Nc2 59.Be5+ Kc6 60.f6 Rg1 61.Ra2 Kd5 62.Rxc2 Rf1+ 63.Kg5 Kxe5 64.Re2+ Kd6
65.Kg6 Rf3 66.f7 Rg3+ 67.Kh7 Rh3+ 68.Kg7 Rg3+ 69.Kf8 Rxc3 70.Re4 Kd7 71.Rg4 Ke6
72.Kg8  1-0

[Event "London Classic FIDE Open"]
[Site "London ENG"]
[Date "2011.12.06"]
[Round "4"]
[White "Jones,Steven A"]
[Black "Ethelontis,A"]
[Result "0-1"]
[WhiteElo "1878"]
[BlackElo "2186"]

1.e4 e6 2.d4 d5 3.Nd2 Be7 4.Bd3 c5 5.dxc5 Nf6 6.exd5 Qxd5 7.Ngf3 Nbd7 8.Nb3 Nxc5
9.Nxc5 Bxc5 10.O-O O-O 11.Qe2 b6 12.Bg5 Bb7 13.Rfd1 Qc6 14.Qe5 Ng4 15.Qe2 Nxf2
16.Be3 Bxe3 17.Qxe3 Nxd1  0-1

[Event "London Classic Women's Invitational"]
[Site "London ENG"]
[Date "2011.12.07"]
[Round "5"]
[White "Daulyte,D"]
[Black "Vovk,Ok"]
[Result "1-0"]
[WhiteElo "2238"]
[BlackElo "2213"]

1.e4 e6 2.d4 d5 3.Nd2 Nc6 4.Ngf3 Nf6 5.e5 Nd7 6.Bd3 Nb4 7.Be2 c5 8.c3 Nc6
9.O-O cxd4 10.cxd4 f6 11.Nb3 Be7 12.exf6 Bxf6 13.Bd3 O-O 14.Qc2 h6 15.Bf4 Qe7
16.Qd2 a5 17.a4 g5 18.Bg3 Qg7 19.Bb5 Re8 20.Rfe1 Nf8 21.Ne5 Bd7 22.Bxc6 bxc6
23.Nxa5 c5 24.dxc5 Rec8 25.b4 Bd8 26.c6 Be8 27.Nb7 Bf6 28.b5 h5 29.h3 Ng6
30.Qe2 h4 31.Bh2 Ne7 32.Nd6 Rd8 33.Nxe8 Rxe8 34.Ra2 Nc8 35.a5 Nd6 36.f3 Ne4
37.fxe4 Bxe5 38.Bxe5 Qxe5 39.exd5 Qxd5 40.Kh1 Reb8 41.b6 Qxc6 42.Qxe6+ Qxe6
43.Rxe6 Kf7 44.Rc6 Ra6 45.Kg1 Ke7 46.Kf2 Kd7 47.Rc7+ Kd6 48.Rd2+ Ke6 49.Rc5 Rba8
50.Rdd5 Rf8+ 51.Ke3 g4 52.hxg4  1-0

[Event "London Classic FIDE Open"]
[Site "London ENG"]
[Date "2011.12.07"]
[Round "5"]
[White "Wallace,P"]
[Black "Seymour,T"]
[Result "1/2-1/2"]
[WhiteElo "2229"]
[BlackElo "2033"]

1.e4 e6 2.d4 d5 3.Nd2 Nc6 4.Ngf3 Nf6 5.e5 Nd7 6.Be2 f6 7.exf6 Qxf6 8.Nf1 Bd6
9.Ne3 O-O 10.O-O Qg6 11.c4 Nf6 12.g3 Ne4 13.Ng2 Bd7 14.c5 Be7 15.Bf4 Rfc8
16.Rc1 a5 17.Re1 a4 18.a3 b6 19.cxb6 cxb6 20.Bd3 Bf6 21.Bb1 Na5 22.Rxc8+ Rxc8
23.Nd2 Nxf2 24.Kxf2 Bxd4+ 25.Be3 Qf6+  1/2-1/2

[Event "London Classic FIDE Open"]
[Site "London ENG"]
[Date "2011.12.07"]
[Round "5"]
[White "Wright, Jon ENG"]
[Black "Gavriel,T"]
[Result "0-1"]
[WhiteElo "1846"]
[BlackElo "2156"]

1.e4 e6 2.d4 d5 3.Nd2 Be7 4.Ngf3 Nf6 5.e5 Nfd7 6.Bd3 c5 7.c3 Nc6 8.O-O a6
9.Re1 cxd4 10.cxd4 g5 11.Nb3 g4 12.Nfd2 h5 13.Nf1 b5 14.f3 Qb6 15.Be3 Bb7
16.Rc1 O-O-O 17.f4 Kb8 18.a3 Na5 19.Nxa5 Qxa5 20.Re2 Qb6 21.b4 f5 22.Rb1 Rc8
23.a4 h4 24.axb5 axb5 25.Ra2 Bc6 26.Qe2 Kc7 27.Rc1 Kb7 28.Qc2 Ra8 29.Rb2 Ra4
30.Qb1 Nb8 31.Bc2 Ra3 32.Bxf5 exf5 33.Qxf5 Bd7 34.Qb1 Rf8 35.Rbc2 Na6 36.Rc5 Bxc5
37.bxc5 Qc6 38.Qh7 Nb8 39.Qxh4 Qe6 40.Qe1 Ra4 41.Ng3 Nc6 42.Qd2 Ne7 43.Ne2 Rfa8  0-1

[Event "2nd JAHV McGregor Open"]
[Site "Bogota COL"]
[Date "2011.12.08"]
[Round "6"]
[White "Zapata,Alo"]
[Black "Ramirez,Alej"]
[Result "1/2-1/2"]
[WhiteElo "2483"]
[BlackElo "2595"]

1.e4 e6 2.d4 d5 3.Nd2 Be7 4.c3 c5 5.dxc5 Nf6 6.exd5 Nxd5 7.Ne4 O-O 8.Nf3 Nd7
9.Bc4 Nxc5 10.Nxc5 Bxc5 11.O-O Qc7  1/2-1/2

[Event "Arab Games Blitz Men"]
[Site "Doha QAT"]
[Date "2011.12.10"]
[Round "9"]
[White "Tissir,M"]
[Black "Khader,Sam"]
[Result "1/2-1/2"]
[WhiteElo "2413"]
[BlackElo "2404"]

1.e4 e6 2.d4 d5 3.Nd2 Nc6 4.Ngf3 Nf6 5.e5 Nd7 6.c3 f6 7.Bb5 Be7 8.O-O O-O
9.exf6 Bxf6 10.Re1 Re8 11.Nf1 e5 12.dxe5 Ndxe5 13.Nxe5 Rxe5 14.Bf4 Rxe1 15.Qxe1 a6
16.Ba4 Ne7 17.Rd1 c6 18.Ng3 Ng6 19.Be3 Qe7 20.Bc2 Nh4 21.Qe2 Qf7 22.Re1 Bd7
23.Nh5 Re8 24.Rd1 Bg5 25.Rd4 Nf5 26.Bxf5 Bxf5 27.Ng3 Bg6 28.Qd2 Bxe3 29.fxe3 Qe6
30.Nf1 Be4 31.Ng3 Bg6 32.Nf1 Be4 33.Qf2 Rf8 34.Qg3 Qf5 35.Rd1 Bc2 36.Re1 Qd3
37.h3 Qg6 38.Qxg6 Bxg6 39.Nd2 Kf7 40.e4 dxe4 41.Nxe4 Bxe4 42.Rxe4 Rd8 43.Re2 Rd6
44.Kh2 Re6 45.Rd2 Ke7 46.Kg3 Rg6+ 47.Kf2 Rf6+ 48.Ke3 Re6+ 49.Kf4 Re1 50.a3 Rf1+
51.Ke4 Rf6 52.Ke5 Re6+ 53.Kf5 Rf6+ 54.Ke4 Re6+ 55.Kf4 Rf6+ 56.Ke3 Re6+ 57.Kf2 Rd6
58.Re2+ Re6 59.Rd2 Rd6 60.Re2+ Re6 61.Rd2  1/2-1/2

[Event "Snowdrops vs Oldhands"]
[Site "Prague CZE"]
[Date "2011.12.10"]
[Round "7"]
[White "Pogonina,N"]
[Black "Vaganian,R"]
[Result "1/2-1/2"]
[WhiteElo "2451"]
[BlackElo "2577"]

1.e4 e6 2.d4 d5 3.Nd2 Nc6 4.Ngf3 Nf6 5.e5 Nd7 6.c4 Be7 7.Bd3 Nb4 8.Bb1 dxc4
9.Nxc4 b5 10.Ncd2 Bb7 11.O-O c5 12.Ne4 h6 13.dxc5 Nxc5 14.Nd6+ Bxd6 15.exd6 Nd5
16.Ne5 Nd7 17.Qh5 Nxe5 18.Qxe5 Qf6 19.Qe2 a6 20.a4 b4 21.Bd3 Kd7 22.a5 Rhc8
23.Rd1 Rc6 24.Bc4 Rxd6 25.Bd2 Rc8 26.Bxd5 Rxd5 27.Bxb4 Qg6 28.Qf1 Ke8 29.Rxd5 Bxd5
30.Bc3 Kf8 31.f3 Bc4 32.Qf2  1/2-1/2

[Event "TCh-CZE Liga 1 Zapad"]
[Site "Czech Rep CZE"]
[Date "2011.12.11"]
[Round "5.2"]
[White "Korinek,O"]
[Black "Kucera,P3"]
[Result "1/2-1/2"]
[WhiteElo "2335"]
[BlackElo "2158"]

1.e4 e6 2.d4 d5 3.Nd2 Be7 4.c3 c5 5.Ngf3 cxd4 6.Nxd4 Nf6 7.e5 Nfd7 8.f4 Nc6
9.N2f3 Nc5 10.Be3 Bd7 11.Be2 O-O 12.O-O a6 13.Qe1 Qc7 14.Rc1 b5 15.Nxc6 Bxc6
16.Nd4 Bd7 17.Qg3 f6 18.exf6 Rxf6 19.Nf3 Bd6 20.Ne5 Ne4 21.Qg4 Bxe5 22.fxe5 Qxe5
23.Bd4 Rxf1+ 24.Rxf1 Qg5 25.Qxg5 Nxg5 26.Bd3 Re8 27.h4 Ne4 28.Bxe4 dxe4 29.Rf2 Bc6
30.a3 e5 31.Bb6 Re7 32.Bc5 Rf7 33.b4 Rf4 34.Bd6 g6 35.Rxf4 exf4 36.Bxf4 Kf7
37.Kf2 Ke6 38.Ke3 Kd5 39.Bh6 Kc4 40.Bg7 h5 41.g3 Kb3 42.Bh8 Kxa3 43.Bg7 Kb3
44.Bf6  1/2-1/2

[Event "London Classic FIDE Open"]
[Site "London ENG"]
[Date "2011.12.11"]
[Round "9"]
[White "Anderton,M"]
[Black "Seymour,T"]
[Result "1-0"]
[WhiteElo "2227"]
[BlackElo "2033"]

1.e4 e6 2.d4 d5 3.Nd2 Nc6 4.Ngf3 Nf6 5.e5 Nd7 6.Bb5 a6 7.Ba4 b5 8.Bb3 Na5
9.c3 Nxb3 10.axb3 f6 11.Qe2 f5 12.h4 g6 13.b4 Nb6 14.Nb3 h6 15.Nc5 Be7 16.g3 Kf7
17.Kf1 Qe8 18.b3 Nd7 19.Nd3 Nb8 20.Kg2 Nc6 21.Be3 a5 22.Nf4 Bd7 23.bxa5 b4
24.c4 dxc4 25.bxc4 Nxa5 26.d5 Qc8 27.Nd4 Qb7 28.Qf3 Bc8 29.h5 g5 30.Nfxe6 Nxc4
31.Rxa8 Nxe5 32.Qxf5+ Bf6 33.Ra5 Bd7 34.Rc1 b3 35.Nxb3  1-0

[Event "80th Anniversary Mollet IM"]
[Site "Mollet del Valles ESP"]
[Date "2011.12.11"]
[Round "9"]
[White "Colon Garcia,E"]
[Black "Amores Gago,Javier"]
[Result "1-0"]
[WhiteElo "2301"]
[BlackElo "2062"]

1.e4 e6 2.d4 d5 3.Nd2 Nc6 4.Ngf3 Nf6 5.e5 Nd7 6.Bb5 a6 7.Bxc6 bxc6 8.Nb3 c5
9.Bg5 Be7 10.Na5 Nxe5 11.dxe5 Bxg5 12.Nc6 Qd7 13.Nxg5 Qxc6 14.Qh5 Qd7 15.Nxh7 Rg8
16.Qg4 f5 17.Nf6+ Kd8 18.Qg6 Qa4 19.Nxg8 Qb4+ 20.c3 Qxb2 21.O-O  1-0

[Event "18th Zadar Open A"]
[Site "Zadar CRO"]
[Date "2011.12.11"]
[Round "1.8"]
[White "Kadric,D"]
[Black "Sedlak,N"]
[Result "1/2-1/2"]
[WhiteElo "2403"]
[BlackElo "2592"]

1.e4 e6 2.d4 d5 3.Nd2 a6 4.Ngf3 c5 5.dxc5 Bxc5 6.Bd3 Nc6 7.a3 Nge7 8.O-O O-O
9.b4 Ba7 10.Bb2 Ng6 11.e5 Nf4 12.Nb3 Bd7 13.Qd2 Nxd3 14.cxd3 f6 15.Rac1 Be8
16.Nc5 Bxc5 17.Rxc5 d4 18.exf6 gxf6 19.Nh4 a5 20.b5 Ne5 21.a4 Bg6 22.Nxg6 Nxg6
23.Rfc1 Rf7 24.R1c4 e5 25.Qc2 Qd6 26.Ba3 Qe6 27.Rc7 Rd8 28.g3 e4 29.Rxf7 Qxf7
30.Rc8 Rxc8 31.Qxc8+ Kg7 32.dxe4 Ne5 33.f4 Nc4 34.Bc5 d3 35.Qg4+ Kh8 36.Qc8+ Kg7
37.Qg4+  1/2-1/2

[Event "18th Zadar Open A"]
[Site "Zadar CRO"]
[Date "2011.12.12"]
[Round "2.19"]
[White "Pokorna,Reg"]
[Black "Bukal,V jr"]
[Result "0-1"]
[WhiteElo "2362"]
[BlackElo "2423"]

1.e4 e6 2.d4 d5 3.Nd2 a6 4.Ngf3 Nf6 5.Bd3 c5 6.c3 Nc6 7.O-O cxd4 8.cxd4 dxe4
9.Nxe4 Be7 10.a3 O-O 11.Be3 Nd5 12.Rc1 Kh8 13.Nc3 Nxc3 14.Rxc3 Bf6 15.Be4 Ne7
16.Ng5 g6 17.Qg4 h6 18.Qf3 Kg7 19.Nh3 g5 20.Qg3 Nf5 21.Bxf5 exf5 22.Bf4 Kh8
23.Be5 f4 24.Qf3 Bg7 25.Qe4 f6 26.Bc7 f5 27.Qe2 Qxd4 28.Rd1 Qe4 29.Qh5 Qe8
30.Qxe8 Rxe8 31.Rb3 b5 32.f3 Be6 33.Rb4 Bc4 34.Bd6 a5  0-1

[Event "3rd Palau Invitational"]
[Site "Koror PLW"]
[Date "2011.12.16"]
[Round "4"]
[White "Marcos,J"]
[Black "Balbalosa,Jeff"]
[Result "1-0"]
[WhiteElo "2027"]
[BlackElo "1528"]

1.e4 e6 2.d4 d5 3.Nd2 Nc6 4.c3 dxe4 5.Nxe4 Nf6 6.Bd3 e5 7.Qe2 Nxe4 8.Bxe4 Be7
9.Bxc6+ bxc6 10.dxe5 O-O 11.Bf4 a5 12.Nf3 Ba6 13.Qd2 Qxd2+ 14.Bxd2 f6 15.Be3 Rad8
16.Rd1 Rxd1+ 17.Kxd1 Rd8+ 18.Kc1 c5 19.Rd1 Rxd1+ 20.Kxd1 fxe5 21.Nxe5 Bb7
22.f3 a4 23.b3 axb3 24.axb3 Bd6 25.Nc4 h6 26.h3 Kf7 27.Kc2 Kf6 28.Nd2 g5
29.Kd3 Kg6 30.Ne4 Bxe4+ 31.Kxe4 Kf6 32.Kd5  1-0